Roman Emperors - Sudden Death - Statistics

General Stats
  • This quiz has been taken 58,283 times
  • The average score is 6 of 16
Answers on the Grid
Answers color-coded by a green-red scale on the quiz's grid according to % correct below.
Alexander the Great
Augustus
Aurelian
Caligula
Cato
Charlemagne
Cicero
Claudius
Commodus
Constantine
Diocletian
Galba
Hadrian
Hannibal
Herod
Leonidas
Lucretius
Marcus Agrippa
Marcus Aurelius
Marcus Brutus
Mark Antony
Mithridates
Nero
Nerva
Pompey
Remus
Scipio Africanus
Septimius Severus
Spartacus
Tiberius
Trajan
Valerian
 
Answer Stats
Answer % Correct
Augustus
89%
Caligula
69%
Claudius
53%
Hadrian
48%
Constantine
45%
Aurelian
44%
Nero
41%
Marcus Aurelius
38%
Commodus
37%
Tiberius
35%
Diocletian
34%
Trajan
28%
Valerian
21%
Galba
19%
Septimius Severus
19%
Nerva
15%
No matching quizzes found
Score Distribution
Percent of People with Each Score
Percentile by Number Answered
Your Score History
You have not taken this quiz